| 000 | 00524nam a22001817a 4500 | ||
|---|---|---|---|
| 003 | BD-DhUL | ||
| 005 | 20181209161813.0 | ||
| 008 | 181017s1920 pk ||||| |||| 00| 0 urd d | ||
| 040 |
_aBD-DhUL _cBD-DhUL |
||
| 082 |
_a891.433 _bSAK |
||
| 100 | 3 | _aسید سجاد حیدر۔ | |
| 245 | 0 | 0 |
_aخیالستان / _cسید سجاد حیدر۔ |
| 246 | _aKhiyālistān | ||
| 260 |
_aلاہور : _bایم فرمان علی، _c۱۹۲۰۔ |
||
| 300 |
_aص۔ ۲۶۸ ؛ _c۱۹ سم۔ |
||
| 650 | 4 | _aUrdu fiction. | |
| 942 |
_2ddc _cBK |
||
| 999 |
_c245148 _d245148 |
||